[Event "Gothenburg op"]
[Site "Gothenburg"]
[Date "2023.08.13"]
[Round "7"]
[White "Bengtsson, Siv"]
[Black "Olsson, William"]
[Result "0-1"]
[WhiteElo "2010"]
[BlackElo "2400"]
[PlyCount "84"]
[EventDate "2023.08.11"]
[EventType "swiss"]
[EventRounds "8"]
[EventCountry "SWE"]
[SourceTitle "CBM 215 Extra"]
[Source "ChessBase"]
[SourceDate "2023.09.30"]
[SourceVersion "1"]
[SourceVersionDate "2023.09.30"]
[SourceQuality "1"]

1. e4 c5 2. Nf3 d6 3. d4 cxd4 4. Nxd4 Nf6 5. Nc3 g6 6. Be3 Bg7 7. f3 0-0 8. Bc4 Nc6 9. Qd2 Bd7 10. Bb3 Rc8 11. 0-0-0 Ne5 12. Kb1 Nc4 13. Bxc4 Rxc4 14. Qd3 Rc8 15. h4 h5 16. Nde2 b5 17. Nf4 b4 18. Ncd5 e6 19. Nxb4 a5 20. Qxd6 axb4 21. Bb6 Qe8 22. Qxb4 Rb8 23. c4 Bc6 24. Rd6 Nxe4 25. fxe4 Be5 26. c5 Bxf4 27. Rd3 Qe7 28. Qd4 Bh6 29. Re1 Bg7 30. Qd6 Qxh4 31. g3 Qf6 32. Rd2 Rfc8 33. Qf4 Ra8 34. e5 Qxf4 35. gxf4 Ra4 36. Rf1 Bh6 37. Rdf2 Bb5 38. Rd1 Rxf4 39. Rfd2 h4 40. Rd8+ Rxd8 41. Bxd8 h3 42. Bf6 Rf1 0-1

[Event "Malmo op"]
[Site "Malmo"]
[Date "2019.12.13"]
[Round "2"]
[White "Bengtsson, Siv"]
[Black "Hector, Jonny"]
[Result "0-1"]
[WhiteElo "2036"]
[BlackElo "2475"]
[PlyCount "92"]
[EventDate "2019.12.13"]
[EventType "swiss"]
[EventRounds "8"]
[EventCountry "SWE"]
[SourceTitle "CBM 193 Extra"]
[Source "ChessBase"]
[SourceDate "2020.01.31"]
[SourceVersion "1"]
[SourceVersionDate "2020.01.31"]
[SourceQuality "1"]

1. e4 e5 2. Nf3 Nc6 3. Bb5 a6 4. Ba4 Nf6 5. d3 Bc5 6. 0-0 d6 7. c3 Ba7 8. Be3 0-0 9. Nbd2 Re8 10. Bxa7 Rxa7 11. Re1 h6 12. d4 b5 13. Bc2 exd4 14. cxd4 Nb4 15. Bb1 c5 16. d5 a5 17. a3 Na6 18. Nf1 Rae7 19. Ng3 c4 20. Nd4 Qb6 21. Kh1 Nc5 22. f3 Nxd5 23. Ndf5 Re5 24. Rf1 Bxf5 25. Nxf5 Nb3 26. exd5 Nxa1 27. Be4 Nb3 28. Qc2 Nd4 29. Qf2 Rxf5 30. Bxf5 Re2 31. Qg1 Qc5 32. Be4 Rxb2 33. Rd1 Nb3 34. Qe1 Qf2 35. f4 Qxe1+ 36. Rxe1 g6 37. f5 gxf5 38. Bxf5 c3 39. h4 c2 40. Bxc2 Rxc2 41. Re8+ Kg7 42. Rd8 Ra2 43. Rxd6 Rxa3 44. Rb6 b4 45. d6 Ra1+ 46. Kh2 Rd1 0-1

[Event "EU-chT (Women) 22nd"]
[Site "Batumi"]
[Date "2019.10.24"]
[Round "1.6"]
[White "Bengtsson, Siv"]
[Black "Benmesbah, Natacha"]
[Result "0-1"]
[WhiteElo "2086"]
[BlackElo "2265"]
[PlyCount "42"]
[EventDate "2019.10.24"]
[EventType "team-swiss"]
[EventRounds "9"]
[EventCountry "GEO"]
[SourceTitle "CBM 192 Extra"]
[Source "Chessbase"]
[SourceDate "2019.11.06"]
[SourceVersion "1"]
[SourceVersionDate "2019.11.06"]
[SourceQuality "1"]
[WhiteTeam "Sweden (W)"]
[BlackTeam "France (W)"]
[WhiteTeamCountry "SWE"]
[BlackTeamCountry "FRA"]

1. e4 c5 2. Nf3 Nc6 3. d4 cxd4 4. Nxd4 Nf6 5. Nc3 e5 6. Ndb5 d6 7. Bg5 a6 8. Bxf6 gxf6 9. Na3 f5 10. exf5 Bxf5 11. Nd5 Bg7 12. Nc4 0-0 13. Nde3 Be6 14. Qxd6 Qf6 15. Bd3 Rfd8 16. Qc7 Rd7 17. Qb6 e4 18. Bxe4 Bxc4 19. Bxc6 Bb5 20. c3 Qxc3+ 21. bxc3 Bxc3# 0-1

[Event "Lidkoping op"]
[Site "Lidkoping"]
[Date "2019.08.25"]
[Round "5"]
[White "Johansson, Eva"]
[Black "Bengtsson, Siv"]
[Result "0-1"]
[WhiteElo "1869"]
[BlackElo "2074"]
[PlyCount "83"]
[EventDate "2019.08.24"]
[EventType "swiss"]
[EventRounds "7"]
[EventCountry "SWE"]
[SourceTitle "EXT 2020"]
[Source "ChessBase"]
[SourceDate "2019.10.17"]
[SourceVersion "1"]
[SourceVersionDate "2019.10.17"]
[SourceQuality "1"]

1. d4 Nf6 2. c4 g6 3. Nf3 Bg7 4. g3 0-0 5. Bg2 d5 6. 0-0 dxc4 7. Na3 c3 8. bxc3 c5 9. Nc2 Qa5 10. Bd2 Ne4 11. Qe1 Nxd2 12. Qxd2 Nc6 13. e3 Rd8 14. Rfd1 Bf5 15. Nh4 Bxc2 16. Qxc2 Rac8 17. Qb3 b6 18. Rac1 c4 19. Qc2 e6 20. Nf3 Ne7 21. Nd2 b5 22. Ne4 Qb6 23. Qe2 e5 24. h4 exd4 25. exd4 Nd5 26. Nd2 Qa5 27. Ne4 Re8 28. Qc2 Rcd8 29. Nc5 Re7 30. Ne4 Qc7 31. Rb1 a6 32. Nc5 Qd6 33. Re1 Rxe1+ 34. Rxe1 Rb8 35. Bxd5 Qxd5 36. Nxa6 Rd8 37. Nc5 b4 38. cxb4 Bxd4 39. Rc1 c3 40. Ne4 Rc8 41. Rd1 Qe5 42. Kg2 0-1

[Event "Lidkoping op"]
[Site "Lidkoping"]
[Date "2019.08.25"]
[Round "7"]
[White "Wiklund, Robert"]
[Black "Bengtsson, Siv"]
[Result "1/2-1/2"]
[WhiteElo "1785"]
[BlackElo "2074"]
[PlyCount "76"]
[EventDate "2019.08.24"]
[EventType "swiss"]
[EventRounds "7"]
[EventCountry "SWE"]
[SourceTitle "EXT 2020"]
[Source "ChessBase"]
[SourceDate "2019.10.17"]
[SourceVersion "1"]
[SourceVersionDate "2019.10.17"]
[SourceQuality "1"]

1. e4 c5 2. Nf3 Nc6 3. d4 cxd4 4. Nxd4 Nf6 5. Nc3 e5 6. Ndb5 d6 7. Bg5 a6 8. Bxf6 gxf6 9. Na3 b5 10. Nd5 f5 11. c3 Bg7 12. exf5 Bxf5 13. Nc2 0-0 14. Nce3 Be6 15. g3 f5 16. Bg2 Rc8 17. f4 e4 18. 0-0 b4 19. g4 bxc3 20. bxc3 Ne7 21. gxf5 Nxf5 22. Nxf5 Bxf5 23. Qd2 Kh8 24. Rad1 Qa5 25. Ne7 Qc5+ 26. Kh1 e3 27. Qe2 Be6 28. Nxc8 Bc4 29. Rd3 Bxd3 30. Qxd3 Rxc8 31. Re1 Qxc3 32. Qxc3 Rxc3 33. Bf3 Bd4 34. Kg2 Kg7 35. Re2 Kf6 36. Be4 h6 37. Kf3 Rc7 38. Rc2 Rxc2 1/2-1/2

[Event "Lund CellaVision Cup"]
[Site "Lund"]
[Date "2019.08.03"]
[Round "6"]
[White "Cramling, Pia"]
[Black "Bengtsson, Siv"]
[Result "1-0"]
[WhiteElo "2493"]
[BlackElo "2074"]
[PlyCount "56"]
[EventDate "2019.08.02"]
[EventType "swiss"]
[EventRounds "8"]
[EventCountry "SWE"]
[SourceTitle "CBM 191 Extra"]
[Source "ChessBase"]
[SourceDate "2019.09.30"]
[SourceVersion "1"]
[SourceVersionDate "2019.09.30"]
[SourceQuality "1"]

1. Nf3 Nf6 2. c4 g6 3. Nc3 d5 4. cxd5 Nxd5 5. Qb3 c6 6. e4 Nb6 7. d4 Bg7 8. Be3 Be6 9. Qc2 0-0 10. h4 N8d7 11. h5 Bg4 12. hxg6 hxg6 13. Nh2 Be6 14. 0-0-0 f5 15. Nf3 Nf6 16. Ne5 Qe8 17. Bd3 Nfd7 18. f4 Nxe5 19. dxe5 Nc4 20. Bxc4 Bxc4 21. exf5 gxf5 22. g4 e6 23. Rdg1 Bd5 24. Rh3 b5 25. Bc5 Rf7 26. Qh2 Rd7 27. gxf5 Kf7 28. Rxg7+ Kxg7 1-0

[Event "Gothenburg Kvibergspelen"]
[Site "Gothenburg"]
[Date "2019.05.10"]
[Round "3"]
[White "Bengtsson, Siv"]
[Black "Crevatin, Leo"]
[Result "1-0"]
[WhiteElo "2103"]
[BlackElo "2210"]
[PlyCount "101"]
[EventDate "2019.05.10"]
[EventType "swiss"]
[EventRounds "8"]
[EventCountry "SWE"]
[SourceTitle "CBM 190 Extra"]
[Source "ChessBase"]
[SourceDate "2019.07.15"]
[SourceVersion "1"]
[SourceVersionDate "2019.07.15"]
[SourceQuality "1"]

1. e4 Nf6 2. e5 Nd5 3. d4 d6 4. Nf3 dxe5 5. Nxe5 c6 6. c4 Nb4 7. a3 Qxd4 8. axb4 Qxe5+ 9. Be2 Bg4 10. Nc3 Bxe2 11. Nxe2 e6 12. Bd2 Nd7 13. 0-0 Be7 14. Bc3 Qe4 15. b3 Bf6 16. Re1 a6 17. Ng3 Qg6 18. Qd2 Bxc3 19. Qxc3 0-0 20. c5 Nf6 21. Nf1 Nd5 22. Qc4 Rfd8 23. Rad1 Qg5 24. Rd3 g6 25. Red1 Kg7 26. Ng3 f5 27. h4 Qf6 28. Ne2 e5 29. g3 Nc7 30. Rd7+ Kh8 31. R1d6 Qf8 32. Rxc7 Rxd6 33. cxd6 Rd8 34. Qf7 Qxf7 35. Rxf7 Rxd6 36. Rxb7 Rd2 37. Nc3 Rd3 38. Na4 Rxb3 39. Nc5 Rb1+ 40. Kg2 Ra1 41. Rb6 Rb1 42. Ne6 Kg8 43. Rb7 Rb3 44. Nc5 Rb2 45. Nxa6 e4 46. Kf1 Rb1+ 47. Ke2 Rb2+ 48. Ke3 Rb3+ 49. Kf4 Rf3+ 50. Kg5 Rxf2 51. Kf6 1-0

[Event "Gothenburg op"]
[Site "Gothenburg"]
[Date "2018.08.17"]
[Round "3"]
[White "Knutsson, Hakan"]
[Black "Bengtsson, Siv"]
[Result "1-0"]
[WhiteElo "1836"]
[BlackElo "2115"]
[PlyCount "90"]
[EventDate "2018.08.17"]
[EventType "swiss"]
[EventRounds "8"]
[EventCountry "SWE"]
[SourceTitle "CBM 186 Extra"]
[Source "ChessBase"]
[SourceDate "2018.08.24"]
[SourceVersion "1"]
[SourceVersionDate "2018.08.24"]
[SourceQuality "1"]

1. e4 c5 2. Nf3 Nc6 3. d4 cxd4 4. Nxd4 Nf6 5. Nc3 e5 6. Ndb5 d6 7. Bg5 a6 8. Na3 b5 9. Nd5 Be7 10. Bxf6 Bxf6 11. c3 0-0 12. Nc2 Bg5 13. a4 bxa4 14. Rxa4 a5 15. Bb5 Ne7 16. Ncb4 Bb7 17. Nxe7+ Qxe7 18. Nd5 Qd8 19. 0-0 f5 20. exf5 Rxf5 21. Bc4 Kh8 22. Ne3 Bxe3 23. fxe3 Rxf1+ 24. Qxf1 d5 25. Ba2 e4 26. Rd4 Qg5 27. Qf4 Qh5 28. g4 Qh4 29. Bxd5 Qe1+ 30. Kg2 Qe2+ 31. Kh3 Bxd5 32. Rxd5 Qxb2 33. Rxa5 Rd8 34. Qxe4 Qxc3 35. Ra8 Qxe3+ 36. Qxe3 Rxa8 37. Qe7 h6 38. Kg3 Rb8 39. h4 Kh7 40. Kf4 Rg8 41. g5 hxg5+ 42. hxg5 Rb8 43. Qe4+ Kh8 44. g6 Rf8+ 45. Kg5 Re8 1-0

[Event "Olympiad Women-08 Final B"]
[Site "Buenos Aires"]
[Date "1978.??.??"]
[Round "2"]
[White "Bengtsson, Siv"]
[Black "Van Parreren, Hanneke"]
[Result "1/2-1/2"]
[WhiteElo "1970"]
[BlackElo "2020"]
[PlyCount "81"]
[EventDate "1978.10.25"]
[EventType "team-tourn"]
[EventRounds "7"]
[EventCountry "ARG"]
[SourceTitle "EXT 2019"]
[Source "ChessBase"]
[SourceDate "2018.10.10"]
[SourceVersion "1"]
[SourceVersionDate "2018.10.10"]
[SourceQuality "1"]
[WhiteTeam "Sweden (W)"]
[BlackTeam "Netherlands (W)"]
[WhiteTeamCountry "SWE"]
[BlackTeamCountry "NED"]

1. e4 d6 2. d4 Nf6 3. Nc3 g6 4. f4 Bg7 5. Nf3 c5 6. Bb5+ Bd7 7. e5 Ng4 8. Bxd7+ Nxd7 9. h3 cxd4 10. Ne4 Ne3 11. Bxe3 dxe3 12. Qd5 dxe5 13. 0-0-0 exf4 14. Nfg5 0-0 15. Qxd7 Qb6 16. c3 e2 17. Rde1 Rad8 18. Qxe7 Qe3+ 19. Kc2 h6 20. Nf3 Kh8 21. Qb4 Rfe8 22. Ned2 Re6 23. Qxb7 Rb6 24. Qc7 Rd3 25. Nb3 Rbd6 26. Nbd4 Bxd4 27. Qxd6 Rxc3+ 28. Kb1 Qd3+ 29. Ka1 Rc1+ 30. Rxc1 Bxb2+ 31. Kxb2 Qxd6 32. Rc3 Qb4+ 33. Rb3 Qe4 34. Re1 g5 35. Rc3 f5 36. Rc2 g4 37. hxg4 fxg4 38. Rcxe2 Qb4+ 39. Kc1 gxf3 40. gxf3 Qa3+ 41. Kb1 1/2-1/2

[Event "Olympiad Women-08 Final B"]
[Site "Buenos Aires"]
[Date "1978.??.??"]
[Round "7"]
[White "Kellner, Narelle"]
[Black "Bengtsson, Siv"]
[Result "0-1"]
[WhiteElo "1980"]
[BlackElo "1970"]
[PlyCount "82"]
[EventDate "1978.10.25"]
[EventType "team-tourn"]
[EventRounds "7"]
[EventCountry "ARG"]
[SourceTitle "EXT 2019"]
[Source "ChessBase"]
[SourceDate "2018.10.10"]
[SourceVersion "1"]
[SourceVersionDate "2018.10.10"]
[SourceQuality "1"]
[WhiteTeam "Australia (W)"]
[BlackTeam "Sweden (W)"]
[WhiteTeamCountry "AUS"]
[BlackTeamCountry "SWE"]

1. e4 e6 2. d4 d5 3. e5 c5 4. Nf3 Nc6 5. c3 Qb6 6. Bd3 Bd7 7. 0-0 cxd4 8. cxd4 Nxd4 9. Nxd4 Qxd4 10. Nc3 a6 11. Re1 Ne7 12. Be3 Qxe5 13. Bc5 Qc7 14. Bd4 Nc6 15. Nxd5 Qd6 16. Nb6 Rd8 17. Bc3 Nb4 18. Nxd7 Nxd3 19. Nxf8 Nxe1 20. Qxd6 Rxd6 21. Rxe1 Rxf8 22. Bxg7 Rg8 23. Be5 Rd5 24. f4 Ke7 25. Rc1 Rgd8 26. Bc3 Rd1+ 27. Rxd1 Rxd1+ 28. Kf2 Kd6 29. g4 Kd5 30. g5 Rd3 31. Kg2 Ke4 32. Be5 Rf3 33. Bd6 Rxf4 34. Kg3 e5 35. h3 Kf5 36. a3 Rd4 37. Be7 Rd3+ 38. Kh4 e4 39. Bb4 Rf3 40. Bd2 e3 41. Bc3 e2 0-1